000 01294nmm a2200301 a 4500
001 ocm0002146772
003 TR-IsHL
005 20201028183804.0
008 190420s2017 tu tur
007 cr cn
020 _a9786053223443
035 _a2146772
_b(N$T)
050 0 4 _aT173.8
_b.K4519 2017
090 0 4 _aT173.8
_b.K4519 2017
100 1 _aKelly, Kevin
245 1 0 _aBüyük teknolojik dönüşüm: geleceğimizi şekillendirecek 12 teknolojik kuvvet
_h[electronic resource] /
_cKevin Kelly ; çeviren Ümit Şensoy ; editör, Utku Umut Bulsun
260 _aİstanbul :
_bTürk Hava Yolları Yayınları,
_c2017
300 _a360 p.
500 _aÖzgün adı: The inevitable : understanding the 12 technological forces that will shape our future
_xKaynakça var.
_xBu kitap Türk Hava Yolları Yayınları adına Optimist Yayın Grubu tarafından hazırlanmıştır
650 4 _aMühendislik ve Teknoloji
650 4 _aEngineering and Technology
650 0 _aTeknolojik yenilikler
_x Tahmin
650 0 _aTechnological innovations
650 7 _aTECHNOLOGY & ENGINEERING / General
_2bisacsh
700 1 _aŞensoy, Ümit
700 1 _aBulsun, Utku Umut
856 4 0 _uhttp://search.ebscohost.com/login.aspx?direct=true&scope=site&db=e011xww&AN=2146772
999 _c20701
_d20701